Home Science-XII (Record no. 12642)
[ view plain ]
| 000 -LEADER | |
|---|---|
| fixed length control field | 00260nam a22000977a 4500 |
| 008 - FIXED-LENGTH DATA ELEMENTS--GENERAL INFORMATION | |
| fixed length control field | 240902b |||||||| |||| 00| 0 eng d |
| 020 ## - INTERNATIONAL STANDARD BOOK NUMBER | |
| International Standard Book Number | 9789355571243 |
| 100 ## - MAIN ENTRY--PERSONAL NAME | |
| Personal name | Sharma Savita |
| 9 (RLIN) | 7796 |
| 245 ## - TITLE STATEMENT | |
| Title | Home Science-XII |
| 260 ## - PUBLICATION, DISTRIBUTION, ETC. (IMPRINT) | |
| Place of publication, distribution, etc. | New Delhi |
| Name of publisher, distributor, etc. | New Saraswati House |
| Date of publication, distribution, etc. | 2022 |
| Withdrawn status | Lost status | Source of classification or shelving scheme | Damaged status | Koha normalized classification for sorting | Not for loan | Home library | Current library | Shelving location | Date acquired | Total Checkouts | Full call number | Barcode | Date last seen | Price effective from | Koha item type |
|---|---|---|---|---|---|---|---|---|---|---|---|---|---|---|---|
| Dewey Decimal Classification | SHA_648_000000000000000 | Good Samaritan School Library | Good Samaritan School Library | Home Science | 09/02/2024 | SHA648 | SHA17826 | 09/02/2024 | 09/02/2024 | BOOK |